000 00522nam a2200193Ia 4500
005 20250508161441.0
008 008 250505s9999 xx 000 0 eng d
037 _aTextual
040 _aFEDL
_beng
_cFEDL
041 _aeng
_2eng
084 _a371.42, NAT
_qFEDL
245 0 _aGuidance for today's children
245 0 _cNational Education Association
260 _c1954
300 _ax,178p
546 _aThirty - three yearbook number
942 _cTEXL
_h371.42, NAT
999 _c1370033
_d1370033